Direction of Time

This edited book presents the problems of time and direction from an interdisciplinary point of view, concentrating in particular on the following relations: • Time and physics • Time, philosophy and psychology • Time, mathematics and information theory It is a unique contribution by philosophers an...

Full description

Bibliographic Details
Corporate Author: SpringerLink (Online service)
Other Authors: Albeverio, Sergio (Editor), Blanchard, Philippe (Editor)
Format: Electronic eBook
Language:English
Published: Cham : Springer International Publishing : Imprint: Springer, 2014.
Subjects:
Online Access:Full Text via HEAL-Link
LEADER 03496nam a22004695i 4500
001 978-3-319-02798-2
003 DE-He213
005 20151204180814.0
007 cr nn 008mamaa
008 131209s2014 gw | s |||| 0|eng d
020 |a 9783319027982  |9 978-3-319-02798-2 
024 7 |a 10.1007/978-3-319-02798-2  |2 doi 
040 |d GrThAP 
050 4 |a D1-DX301 
072 7 |a PDX  |2 bicssc 
072 7 |a SCI034000  |2 bisacsh 
082 0 4 |a 509  |2 23 
245 1 0 |a Direction of Time  |h [electronic resource] /  |c edited by Sergio Albeverio, Philippe Blanchard. 
264 1 |a Cham :  |b Springer International Publishing :  |b Imprint: Springer,  |c 2014. 
300 |a XXXII, 294 p. 24 illus.  |b online resource. 
336 |a text  |b txt  |2 rdacontent 
337 |a computer  |b c  |2 rdamedia 
338 |a online resource  |b cr  |2 rdacarrier 
347 |a text file  |b PDF  |2 rda 
505 0 |a Models of time -- On Abuse of Time-metaphors -- The Direction of Time, The Role of Reversibility/Irreversibility in the Study of Nature -- The Arrow of Time and Information Theory -- ASYMMETRIES, IRREVERSIBILITY, AND DYNAMICS OF TIME1 -- IS TIME REAL? -- Is time directed? -- On the different aspects of time in the fundamental theories of physics -- Quantum Events and Irreversibility -- Time in modern philosophy of physics { a survey -- THE DIRECTION OF TIME IN DYNAMICAL SYSTEMS -- Physics and Our Intuitive Outlook on Time -- The philosophical significance of the relativistic conception of time -- The Direction of Time in Quantum Mechanics -- GEOMETRY OF PSYCHOLOGICAL TIME -- A Computer’s Arrow of Time -- Two-way thermodynamics: Could it really happen? -- Where to Put It? The Direction of Time Between Axioms and Supplementary Conditions -- A Simple Model for Decoherence -- Two Arrows of Time in Nonlocal Particle Dynamics -- Boundary conditions, time reversal and measurements -- Remarks on the Compatibility of Opposite Arrows of Time -- Remarks on the Compatibility of Opposite Arrows of Time II1. 
520 |a This edited book presents the problems of time and direction from an interdisciplinary point of view, concentrating in particular on the following relations: • Time and physics • Time, philosophy and psychology • Time, mathematics and information theory It is a unique contribution by philosophers and scientists who are active in mathematics, physics, biology, engineering, information theory and psychology. Questions such as the existence of a Big Bang, the neurobiological basis regarding the coexistence of free will and determinism, intercultural aspects of time, mathematical models of time, psychopathological features of time, and micro reversibility versus macroscopic irreversibility are studied. It also provides a truly interdisciplinary study of the problematic 'arrow of time'. 
650 0 |a History. 
650 0 |a Philosophy and science. 
650 0 |a Physics. 
650 1 4 |a History. 
650 2 4 |a History of Science. 
650 2 4 |a Theoretical, Mathematical and Computational Physics. 
650 2 4 |a History and Philosophical Foundations of Physics. 
650 2 4 |a Philosophy of Science. 
700 1 |a Albeverio, Sergio.  |e editor. 
700 1 |a Blanchard, Philippe.  |e editor. 
710 2 |a SpringerLink (Online service) 
773 0 |t Springer eBooks 
776 0 8 |i Printed edition:  |z 9783319027975 
856 4 0 |u http://dx.doi.org/10.1007/978-3-319-02798-2  |z Full Text via HEAL-Link 
912 |a ZDB-2-SHU 
950 |a Humanities, Social Sciences and Law (Springer-11648)